[Event "Open de Cappelle La Grande"]
[Site "?"]
[Date "2002.??.??"]
[Round "5.30"]
[White "Simon, Olivier"]
[Black "Grabarczyk, Miroslaw"]
[Result "0-1"]
[WhiteElo "2274"]
[BlackElo "2495"]
[PlyCount "129"]

1. e4 c6 2. d4 d5 3. Nc3 g6 4. e5 Bg7 5. f4 h5 6. Nf3 Bg4 7. h3 Bxf3 8. Qxf3 e6
9. g3 Qb6 10. Qf2 Ne7 11. Bd3 Nd7 12. Bd2 Nf5 13. Bxf5 gxf5 14. O-O-O O-O-O 15.
Be3 Rdg8 16. Rdg1 Bf8 17. Kb1 Ba3 18. Nd1 Be7 19. Qe2 c5 20. c3 Kb8 21. Nf2
cxd4 22. cxd4 Qa6 23. Qxa6 bxa6 24. Nd3 Kb7 25. b3 Nb8 26. Rh2 Nc6 27. Kb2 Nb4
28. Nxb4 Bxb4 29. a3 Ba5 30. h4 Rc8 31. Bd2 Bd8 32. Be3 Be7 33. Rc1 Rxc1 34.
Bxc1 Rg8 35. Rh3 a5 36. Bd2 a4 37. Be1 axb3 38. Rh2 Rc8 39. Rd2 Rc4 40. Rd3 Ka6
41. Kxb3 Rc1 42. Bc3 Bd8 43. Re3 Bb6 44. Rd3 Kb5 45. Re3 Rb1+ 46. Kc2 Rg1 47.
Kb3 Rg2 48. Rd3 Rg1 49. Re3 Ba5 50. Bxa5 Kxa5 51. Rd3 a6 52. Kb2 Ka4 53. Rc3
Rg2+ 54. Kc1 a5 55. Kd1 Kb5 56. Kc1 Rg1+ 57. Kc2 Rg2+ 58. Kc1 Ka4 59. Kd1 Ra2
60. Rc7 Rxa3 61. Rxf7 Rxg3 62. Ke2 Rb3 63. Re7 Rb6 64. Rh7 Rb3 65. Rd7 0-1

[Event "Open de Cappelle La Grande"]
[Site "?"]
[Date "2002.??.??"]
[Round "5.34"]
[White "Czarnota, Pawel"]
[Black "Belikov, Vladimir"]
[Result "1/2-1/2"]
[WhiteElo "2194"]
[BlackElo "2483"]
[PlyCount "84"]

1. e4 e5 2. Nf3 Nc6 3. Bb5 Nf6 4. O-O Nxe4 5. d4 Nd6 6. Bxc6 dxc6 7. dxe5 Nf5
8. Qxd8+ Kxd8 9. Rd1+ Ke8 10. Nc3 h6 11. h3 Bd7 12. b3 Rd8 13. Bb2 Ne7 14. Nd4
Ng6 15. Re1 Nf4 16. Rad1 Be7 17. Ne4 Kf8 18. Ng3 c5 19. Ndf5 Be6 20. Rxd8+ Bxd8
21. Bc1 Nd5 22. c4 Nb4 23. Rd1 Be7 24. Be3 b6 25. Rd2 a5 26. a4 Nc6 27. f4 g6
28. Nxe7 Kxe7 29. Kf2 h5 30. Ne4 Rd8 31. Rxd8 Nxd8 32. Kf3 Bc8 33. Nf6 Bf5 34.
Ne4 Bc8 35. g4 hxg4+ 36. hxg4 Bb7 37. f5 gxf5 38. gxf5 Nc6 39. Kf4 Nb4 40. f6+
Ke8 41. Ng5 Bc8 42. Ke4 Be6 1/2-1/2

[Event "Open de Cappelle La Grande"]
[Site "?"]
[Date "2002.??.??"]
[Round "5.36"]
[White "Redon, Bruno"]
[Black "Rizouk, Aimen"]
[Result "1/2-1/2"]
[WhiteElo "2185"]
[BlackElo "2467"]
[PlyCount "32"]

1. e4 e5 2. Nf3 Nc6 3. d4 exd4 4. Nxd4 Nf6 5. Nxc6 bxc6 6. e5 Qe7 7. Qe2 Nd5 8.
c4 Nb6 9. Nd2 Qe6 10. b3 a5 11. Bb2 a4 12. g3 d5 13. exd6 cxd6 14. Qxe6+ Bxe6
15. Bg2 Kd7 16. O-O Kc7 1/2-1/2

[Event "Open de Cappelle La Grande"]
[Site "?"]
[Date "2002.??.??"]
[Round "5.37"]
[White "Rausis, Igors"]
[Black "Tayeb, Djimid"]
[Result "1-0"]
[WhiteElo "2466"]
[BlackElo "2160"]
[PlyCount "97"]

1. Nf3 c5 2. c4 Nc6 3. Nc3 g6 4. d4 cxd4 5. Nxd4 Bg7 6. Nc2 Nf6 7. g3 d6 8. Bg2
O-O 9. O-O Be6 10. b3 Qd7 11. Re1 Bh3 12. Bh1 Ng4 13. Bb2 Qf5 14. Bf3 Nce5 15.
Nd5 Rae8 16. Nce3 Nxe3 17. Nxe3 Qd7 18. Bxe5 Bxe5 19. Rc1 Rc8 20. Qd3 Rb8 21.
Red1 b6 22. Nd5 Be6 23. Nb4 Rbc8 24. Qe3 Bf5 25. Be4 Rfe8 26. a4 Bb2 27. Rc2
Ba3 28. Nd5 Be6 29. Nf4 Bc5 30. Qf3 Rf8 31. Kg2 a5 32. Qd3 Kg7 33. h4 Rce8 34.
Rh1 h5 35. Bxg6 Rh8 36. Nxh5+ Kg8 37. Nf4 Kg7 38. Qc3+ Kh6 39. Qd2 Kg7 40. Qc3+
Kh6 41. Be4 Reg8 42. Rcc1 Bf5 43. Qd3 Be6 44. Bd5 Bf5 45. e4 Bg6 46. h5 Bh7 47.
Bxf7 e5 48. Bxg8 Rxg8 49. Ng6 1-0

[Event "Open de Cappelle La Grande"]
[Site "?"]
[Date "2002.??.??"]
[Round "5.41"]
[White "Tillet, Louis-Juan"]
[Black "Jakubowski, Krzysztof"]
[Result "1/2-1/2"]
[WhiteElo "2181"]
[BlackElo "2458"]
[PlyCount "112"]

1. e4 c5 2. c3 d6 3. d4 Nf6 4. dxc5 Nc6 5. Bc4 Nxe4 6. Bxf7+ Kxf7 7. Qh5+ Kg8
8. Qd5+ e6 9. Qxe4 d5 10. Qe2 Bxc5 11. Nf3 Bd7 12. Bf4 Qf8 13. Bg3 Re8 14. Ne5
Nxe5 15. Bxe5 a6 16. a4 b5 17. b3 h5 18. O-O h4 19. h3 Qf7 20. Nd2 Qh5 21. Rfe1
Rf8 22. Nf3 Rh6 23. Bd4 Bd6 24. Ne5 Bxe5 25. Qxh5 Rxh5 26. Rxe5 Rxe5 27. Bxe5
bxa4 28. bxa4 Rf5 29. Bc7 e5 30. Re1 d4 31. Rxe5 Rxe5 32. Bxe5 d3 33. Kf1 Bxa4
34. Ke1 Bb5 35. Bc7 Kf7 36. Bd8 Ke6 37. c4 Bxc4 38. Kd2 Kd7 39. Bxh4 a5 40. Kc3
a4 41. Bg5 a3 42. Bc1 a2 43. Bb2 Ke6 44. Kd2 g6 45. Ke3 Bb5 46. f4 Kd5 47. g4
Kc4 48. Kd2 Bd7 49. Ba1 Bc6 50. h4 Bf3 51. f5 gxf5 52. gxf5 Bh5 53. f6 Bg6 54.
Bb2 Bf7 55. Ba1 Bg6 56. Bb2 Kd5 1/2-1/2

[Event "Open de Cappelle La Grande"]
[Site "?"]
[Date "2002.??.??"]
[Round "5.42"]
[White "Sclacmender, Julien"]
[Black "Shirazi, Kamran"]
[Result "1-0"]
[WhiteElo "2170"]
[BlackElo "2455"]
[PlyCount "79"]

1. e4 c5 2. Nf3 Nf6 3. Nc3 Nc6 4. Bb5 e5 5. O-O d6 6. h3 g5 7. Nxg5 Rg8 8. d4
cxd4 9. Nd5 a6 10. Ba4 h6 11. f4 hxg5 12. fxe5 Nxd5 13. exd5 b5 14. e6 Ne5 15.
Qh5 Ra7 16. Bb3 Rg6 17. Bd2 f6 18. Rae1 Rag7 19. c4 Qe7 20. Rxe5 dxe5 21. Bc2
Bb7 22. Ba5 d3 23. Bxd3 Qc5+ 24. Kh1 Ke7 25. a3 bxc4 26. Bb4 Qxb4 27. axb4 cxd3
28. Qf3 g4 29. hxg4 e4 30. Qf4 Bxd5 31. g5 f5 32. Qxf5 Rh7+ 33. Kg1 Bxe6 34.
Qxg6 Rf7 35. Rxf7+ Bxf7 36. Qxe4+ Be6 37. Qxd3 Bg7 38. Qxa6 Bxb2 39. b5 Bc4 40.
Qa4 1-0

[Event "Open de Cappelle La Grande"]
[Site "?"]
[Date "2002.??.??"]
[Round "5.43"]
[White "Rozentalis, Eduards"]
[Black "Landuyt, Eric"]
[Result "1-0"]
[WhiteElo "2598"]
[BlackElo "2000"]
[PlyCount "91"]

1. e4 c5 2. Nf3 Nc6 3. Bb5 e6 4. O-O Nge7 5. b3 a6 6. Bxc6 Nxc6 7. Bb2 d6 8. d4
cxd4 9. Nxd4 Nxd4 10. Qxd4 e5 11. Qd3 Be6 12. c4 Be7 13. Nc3 O-O 14. Nd5 Bxd5
15. Qxd5 Qb6 16. Rfd1 Rfd8 17. Rd3 Qc6 18. a4 Qxd5 19. Rxd5 f6 20. g3 Kf7 21.
f4 Ke6 22. Rad1 g6 23. Kg2 Rac8 24. Ba3 h5 25. Kf3 b6 26. Bc1 Rc6 27. Be3 Rdc8
28. h3 f5 29. Bc1 Rf8 30. Bb2 fxe4+ 31. Kxe4 exf4 32. gxf4 Re8 33. Ba3 Bf8 34.
Kf3 Kd7 35. Rg1 Re6 36. f5 gxf5 37. Rxf5 Bh6 38. Rf7+ Re7 39. Rxe7+ Kxe7 40.
Ke4 Kd7 41. Kd5 Bf8 42. Rg8 Be7 43. Rg7 Rc5+ 44. Bxc5 dxc5 45. Rh7 h4 46. Rg7
1-0

[Event "Open de Cappelle La Grande"]
[Site "?"]
[Date "2002.??.??"]
[Round "5.45"]
[White "Savchenko, Stanislav"]
[Black "Cornette, Matthieu"]
[Result "0-1"]
[WhiteElo "2563"]
[BlackElo "2357"]
[PlyCount "64"]

1. d4 Nf6 2. c4 e6 3. Nc3 c5 4. d5 exd5 5. cxd5 d6 6. e4 g6 7. h3 Bg7 8. Nf3
O-O 9. Bd3 Nh5 10. O-O Nd7 11. Bg5 Bf6 12. Be3 Re8 13. Re1 a6 14. a4 Ne5 15.
Be2 Nxf3+ 16. Bxf3 Ng7 17. Qd2 b6 18. Rab1 Be5 19. Bg5 Bf6 20. Bxf6 Qxf6 21. b4
Re5 22. bxc5 bxc5 23. Bg4 Bxg4 24. hxg4 Rg5 25. Qe2 h5 26. Qf3 Qe5 27. Rb7 Rf8
28. gxh5 Nf5 29. Qd3 Rxh5 30. g3 Qh8 31. Qf3 Nd4 32. Qg2 Rh2 0-1

[Event "Open de Cappelle La Grande"]
[Site "?"]
[Date "2002.??.??"]
[Round "5.46"]
[White "Timoshenko, Georgy"]
[Black "Tissir, Mohamed"]
[Result "1/2-1/2"]
[WhiteElo "2560"]
[BlackElo "2368"]
[PlyCount "32"]

1. e4 c5 2. Nf3 d6 3. d4 cxd4 4. Nxd4 Nf6 5. Nc3 a6 6. Be3 e6 7. f3 b5 8. g4
Nfd7 9. Qd2 Nb6 10. O-O-O Bb7 11. Bd3 N8d7 12. Qf2 Rc8 13. Nce2 Qc7 14. Kb1 Nc5
15. Ng3 Nba4 16. Bc1 d5 1/2-1/2

[Event "Open de Cappelle La Grande"]
[Site "?"]
[Date "2002.??.??"]
[Round "5.49"]
[White "Cosma, Elena-Lumina"]
[Black "Apicella, Manuel"]
[Result "1/2-1/2"]
[WhiteElo "2354"]
[BlackElo "2520"]
[PlyCount "45"]

1. d4 Nf6 2. Nf3 g6 3. g3 c5 4. Bg2 Bg7 5. O-O O-O 6. c4 d6 7. b3 Nbd7 8. Bb2
Rb8 9. Nc3 a6 10. Rc1 b5 11. dxc5 Nxc5 12. cxb5 axb5 13. Nd4 Bd7 14. b4 Ne6 15.
Nc6 Bxc6 16. Bxc6 Nd7 17. Ba1 Nd4 18. Bxd7 Qxd7 19. Nd5 Qe6 20. Nxe7+ Qxe7 21.
Bxd4 Bxd4 22. Qxd4 Qxe2 23. Qxd6 1/2-1/2

[Event "Open de Cappelle la Grande"]
[Site "?"]
[Date "2002.??.??"]
[Round "5.216"]
[White "Paragua, Ricardo"]
[Black "Bourgol, Dnaiel"]
[Result "0-1"]
[WhiteElo "1600"]
[BlackElo "1740"]
[PlyCount "39"]

1. e4 d5 2. exd5 Qxd5 3. d4 Nf6 4. c4 Qd8 5. Nc3 c6 6. Nf3 Bg4 7. Be2 e6 8. Qb3
Qc7 9. O-O Nbd7 10. Re1 Be7 11. a3 O-O-O 12. c5 h5 13. g3 h4 14. Bf4 e5 15.
Nxe5 hxg3 16. hxg3 g5 17. Nxd7 Qxd7 18. Bxg4 Nxg4 19. Qxf7 gxf4 20. Rxe7 0-1

[Event "Open de Cappelle la Grande"]
[Site "?"]
[Date "2002.??.??"]
[Round "5.13"]
[White "Stryjecki, Marek"]
[Black "Hebden, Mark"]
[Result "1/2-1/2"]
[WhiteElo "2445"]
[BlackElo "2558"]
[PlyCount "80"]

1. g3 g6 2. Bg2 Bg7 3. d4 c5 4. d5 d6 5. e4 b5 6. Nf3 Nd7 7. O-O Ngf6 8. Nbd2
O-O 9. Qe2 a5 10. c3 a4 11. Re1 Nb6 12. Rb1 Ne8 13. c4 bxc4 14. Nxc4 Nxc4 15.
Qxc4 e6 16. Bg5 Qc7 17. Qd3 Rb8 18. b3 axb3 19. axb3 exd5 20. Qxd5 Nf6 21. Qd3
Ng4 22. Bf4 Rb6 23. h3 Ne5 24. Nxe5 Bxe5 25. Bxe5 dxe5 26. Qc3 Be6 27. Rec1 Rc8
28. Bf1 Qb8 29. Bc4 Bxc4 30. Qxc4 Rb4 31. Qa6 c4 32. Rc3 Rc5 33. Rbc1 Rxb3 34.
Rxc4 Rxc4 35. Qxc4 Kg7 36. Qc7 Qxc7 37. Rxc7 Rb4 38. f3 Rb2 39. h4 h5 40. Ra7
Rd2 1/2-1/2

[Event "Open de Cappelle la Grande"]
[Site "?"]
[Date "2002.??.??"]
[Round "5.17"]
[White "Zhang, Pengxiang"]
[Black "Solleveld, Maarten"]
[Result "0-1"]
[WhiteElo "2522"]
[BlackElo "2413"]
[PlyCount "108"]

1. e4 e5 2. Nf3 Nc6 3. Nc3 Nf6 4. g3 Bc5 5. Bg2 d6 6. O-O a6 7. d3 O-O 8. h3
Be6 9. Kh2 h6 10. a3 d5 11. exd5 Nxd5 12. Ne4 Ba7 13. b4 f6 14. Bb2 Nde7 15. c4
Qd7 16. Qc2 Rad8 17. Rad1 Nf5 18. c5 Qf7 19. Qb1 Bd5 20. Rfe1 Bb8 21. d4 Bb3
22. dxe5 Rxd1 23. Rxd1 Bxd1 24. Qxd1 fxe5 25. Nxe5 Nxe5 26. Bxe5 c6 27. Bc3 Bc7
28. Kg1 Re8 29. h4 Be5 30. Bd2 Rf8 31. Qg4 Qa2 32. Qg6 Kh8 33. f4 Bd4+ 34. Kh2
Ne7 35. Qd6 Bf6 36. Bc3 Qf7 37. Nxf6 gxf6 38. Qd7 Nd5 39. Qxf7 Rxf7 40. Bd2 Re7
41. Bf3 Nc7 42. g4 Kg7 43. g5 hxg5 44. fxg5 fxg5 45. Bxg5 Re1 46. h5 Nd5 47.
Kg3 Nf6 48. Bf4 Ra1 49. Kh4 Rxa3 50. Bd1 Rd3 51. h6+ Kf7 52. Bc2 Rd4 53. Kg5
Rd5+ 54. Kh4 Rh5+ 0-1

[Event "Open de Cappelle la Grande"]
[Site "?"]
[Date "2002.??.??"]
[Round "5.18"]
[White "Kernazhitsky, Leonid"]
[Black "Yu, Shaoteng"]
[Result "1/2-1/2"]
[WhiteElo "2413"]
[BlackElo "2522"]
[PlyCount "65"]

1. e4 e6 2. d4 d5 3. exd5 exd5 4. Nf3 Nc6 5. Bb5 Bd6 6. c4 dxc4 7. d5 a6 8. Ba4
b5 9. dxc6 bxa4 10. O-O Ne7 11. Qxa4 O-O 12. Nbd2 Rb8 13. a3 c3 14. bxc3 Rb6
15. Nd4 Nxc6 16. Nxc6 Qe8 17. Nc4 Rxc6 18. Nxd6 Rxd6 19. Qxe8 Rxe8 20. Bf4 Rc6
21. Rfe1 Be6 22. h3 Rc4 23. Bd2 h5 24. Re5 h4 25. Ra5 Rd8 26. Be3 Rd6 27. Bd4
Bd7 28. Rc5 Rxc5 29. Bxc5 Rf6 30. Kh2 Rc6 31. Bb4 Rc4 32. Rd1 Be6 33. Ra1
1/2-1/2

[Event "Open de Cappelle la Grande"]
[Site "?"]
[Date "2002.??.??"]
[Round "5.24"]
[White "Belkhodja, Slim"]
[Black "Prevot, Emmanuel"]
[Result "1-0"]
[WhiteElo "2506"]
[BlackElo "2219"]
[PlyCount "71"]

1. e4 c5 2. Nf3 g6 3. g3 Bg7 4. Bg2 Nc6 5. O-O e6 6. c3 Nge7 7. d4 cxd4 8. cxd4
Qb6 9. d5 Nd4 10. Nxd4 Bxd4 11. Nc3 Bg7 12. Rb1 d6 13. Be3 Qd8 14. dxe6 Bxe6
15. Qd2 O-O 16. Rfd1 Nc8 17. Nd5 Re8 18. Rbc1 Bxd5 19. Qxd5 Nb6 20. Qd2 Rc8 21.
Rxc8 Nxc8 22. b3 Re7 23. Bg5 f6 24. Be3 Rc7 25. a4 Qd7 26. Bf1 Kh8 27. Bc4 Qe8
28. Bd5 b6 29. Rc1 Qd7 30. Rxc7 Qxc7 31. Be6 Bf8 32. h4 Ne7 33. Bd4 Kg7 34. Qf4
Ng8 35. Bxg8 Kxg8 36. Qxf6 1-0

[Event "Open de Cappelle la Grande"]
[Site "?"]
[Date "2002.??.??"]
[Round "5.26"]
[White "Shaw, John"]
[Black "Paci, Cedric"]
[Result "1-0"]
[WhiteElo "2506"]
[BlackElo "2197"]
[PlyCount "61"]

1. e4 e6 2. d4 d5 3. Nd2 c5 4. exd5 Qxd5 5. Ngf3 cxd4 6. Bc4 Qd6 7. O-O Nf6 8.
Nb3 Nc6 9. Nbxd4 Nxd4 10. Nxd4 a6 11. Bd3 Qc7 12. Qe2 Bd6 13. Nf5 Bxh2+ 14. Kh1
Kf8 15. Nxg7 Kxg7 16. g3 h5 17. Bf4 Qc6+ 18. Kxh2 Ng4+ 19. Kg1 e5 20. Bxe5+ f6
21. Bc3 Re8 22. Qd2 Qd5 23. Rfe1 Bd7 24. Be4 Qf7 25. Qg5+ Kh8 26. Bd5 Be6 27.
Bxe6 Rxe6 28. Rxe6 Qxe6 29. Qxh5+ Kg7 30. Re1 Qd7 31. f3 1-0

[Event "Open de Cappelle la Grande"]
[Site "?"]
[Date "2002.??.??"]
[Round "5.31"]
[White "Toma, Katarzyna"]
[Black "Lobzhanidze, Davit"]
[Result "0-1"]
[WhiteElo "2198"]
[BlackElo "2491"]
[PlyCount "72"]

1. e4 e5 2. Nf3 Nc6 3. d4 exd4 4. Nxd4 Nge7 5. Nc3 Nxd4 6. Qxd4 Nc6 7. Qe3 Bb4
8. Bc4 O-O 9. O-O Ne5 10. Be2 d6 11. Nd5 Bc5 12. Qg3 c6 13. Ne3 f6 14. f4 Nf7
15. Kh1 Re8 16. Bd3 d5 17. exd5 Bxe3 18. Bxe3 Qxd5 19. Rad1 Bf5 20. b3 Bxd3 21.
Rxd3 Qf5 22. Rfd1 Re7 23. h3 h5 24. Qf3 a6 25. Rc3 Rae8 26. Rc5 Qe4 27. Qxe4
Rxe4 28. Bg1 h4 29. Rd7 Rxf4 30. g3 hxg3 31. Kg2 Ng5 32. Rxg5 fxg5 33. Rxb7
Re2+ 34. Kxg3 Rxc2 35. Rb6 a5 36. a4 Rc3+ 0-1

[Event "Open de Cappelle la Grande"]
[Site "?"]
[Date "2002.??.??"]
[Round "5.33"]
[White "Legky, Nikolay"]
[Black "Pinter, Erik"]
[Result "1-0"]
[WhiteElo "2485"]
[BlackElo "2323"]
[PlyCount "57"]

1. d4 d5 2. c4 c6 3. Nf3 Nf6 4. cxd5 cxd5 5. Nc3 Bf5 6. Qb3 Qb6 7. Nxd5 Nxd5 8.
Qxd5 e6 9. Qb3 Nc6 10. e3 Bb4+ 11. Bd2 Be4 12. Bd3 Bxf3 13. gxf3 Bxd2+ 14. Kxd2
Qa5+ 15. Qc3 Qh5 16. Ba6 Na5 17. Be2 O-O 18. f4 Qd5 19. Qc5 Qxc5 20. dxc5 Rfd8+
21. Kc3 Rac8 22. b4 Nc6 23. Rhd1 a5 24. a3 Ne7 25. Rxd8+ Rxd8 26. Rd1 Nd5+ 27.
Kb3 Rb8 28. Bf3 Ne7 29. Bxb7 1-0

[Event "Open de Cappelle la Grande"]
[Site "?"]
[Date "2002.??.??"]
[Round "5.38"]
[White "Gourlay, Iain"]
[Black "Sprenger, Jan Michael"]
[Result "0-1"]
[WhiteElo "2183"]
[BlackElo "2464"]
[PlyCount "72"]

1. Nf3 Nf6 2. g3 d5 3. Bg2 Bf5 4. c4 c6 5. b3 e6 6. Bb2 Nbd7 7. O-O Be7 8. d3
O-O 9. Nbd2 h6 10. a3 a5 11. Bc3 Qc7 12. b4 axb4 13. axb4 e5 14. c5 d4 15. Bb2
Nd5 16. Qb3 b6 17. cxb6 N7xb6 18. b5 Be6 19. Nc4 cxb5 20. Qxb5 Rxa1 21. Bxa1
Nxc4 22. Qxc4 Qd6 23. Qb5 Rb8 24. Qa5 Bd8 25. Qd2 Ra8 26. e3 dxe3 27. fxe3 f6
28. d4 e4 29. Nh4 f5 30. Ng6 Ra3 31. Bb2 Rd3 32. Qe2 Nxe3 33. Ra1 Nc4 34. Bf1
Rd2 35. Qxc4 Bxc4 36. Bxc4+ Kh7 0-1

[Event "Open de Cappelle la Grande"]
[Site "?"]
[Date "2002.??.??"]
[Round "5.40"]
[White "Kalod, Radek"]
[Black "Foisor, Sabina"]
[Result "1-0"]
[WhiteElo "2462"]
[BlackElo "2060"]
[PlyCount "53"]

1. e4 c5 2. Nf3 a6 3. c3 d5 4. exd5 Qxd5 5. d4 Nf6 6. Be3 cxd4 7. cxd4 Bg4 8.
Nc3 Qd6 9. Be2 e6 10. h3 Bh5 11. g4 Bg6 12. Ne5 Nc6 13. Bf3 Nd5 14. Nxd5 exd5
15. O-O f6 16. Nd3 Bxd3 17. Qxd3 O-O-O 18. b4 Nxb4 19. Qd2 b6 20. Rac1+ Nc6 21.
Bf4 Qd7 22. Rxc6+ Qxc6 23. Rc1 Bc5 24. dxc5 bxc5 25. Qa5 c4 26. Rb1 g5 27. Rb8+
1-0

[Event "Open de Cappelle la Grande"]
[Site "?"]
[Date "2002.??.??"]
[Round "5.50"]
[White "Mohandesi, Shanin"]
[Black "Winants, Luc"]
[Result "0-1"]
[WhiteElo "2324"]
[BlackElo "2488"]
[PlyCount "98"]

1. d4 e6 2. Nf3 c5 3. c3 d5 4. Bf4 Nc6 5. e3 Bd6 6. Bg3 Nf6 7. Nbd2 O-O 8. Bd3
Re8 9. O-O e5 10. Bb5 exd4 11. cxd4 Bxg3 12. hxg3 Qb6 13. Qa4 cxd4 14. Nxd4
Nxd4 15. exd4 Re7 16. Nb3 Bf5 17. Rfe1 Rxe1+ 18. Rxe1 Bc2 19. Qa5 Bxb3 20. Qxb6
axb6 21. axb3 Ra2 22. f3 Rxb2 23. Re3 h5 24. Kh2 g6 25. Kg1 Rd2 26. Rd3 Ra2 27.
Rc3 Rd2 28. Rd3 Rb2 29. Rc3 Kg7 30. Kf1 Rd2 31. Rd3 Rc2 32. Re3 Rb2 33. Rc3 Ng8
34. Be2 Ne7 35. Rd3 b5 36. f4 b4 37. g4 hxg4 38. Bxg4 Kf6 39. Bh3 Nc6 40. Bc8
Na5 41. g4 Rxb3 42. g5+ Ke7 43. Ke2 Rb2+ 44. Ke1 b3 45. f5 Rg2 46. f6+ Kd6 47.
Bh3 Rh2 48. Bf1 b2 49. Rd1 Nc4 0-1

[Event "Cappelle La Grande"]
[Site "Cappelle la Grande"]
[Date "2002.02.12"]
[Round "5"]
[White "Baklan, V."]
[Black "Dgebuadze, A."]
[Result "1/2-1/2"]
[WhiteElo "2609"]
[BlackElo "2544"]
[PlyCount "106"]

1. e4 e6 2. d4 d5 3. Nc3 Bb4 4. e5 c5 5. a3 Bxc3+ 6. bxc3 Ne7 7. Qg4 O-O 8. Bd3
Nbc6 9. Qh5 Ng6 10. Nf3 Qc7 11. Ng5 h6 12. Nxf7 Qxf7 13. Qxg6 Qxg6 14. Bxg6
cxd4 15. cxd4 Nxd4 16. Be3 Nf5 17. Bc5 Rd8 18. h4 b6 19. Bb4 Bd7 20. O-O-O a5
21. Bc3 Rdc8 22. Kb2 Ne7 23. Bd3 b5 24. f4 Nc6 25. Bd2 b4 26. Rb1 Nd4 27. axb4
Bb5 28. Rbc1 axb4 29. Bg6 Be8 30. Bd3 Bb5 31. Bg6 Bc4 32. Ra1 b3 33. Rxa8 Rxa8
34. cxb3 Nxb3 35. Be3 d4 36. Bf2 Rb8 37. Kc2 Bd5 38. Rd1 Bxg2 39. Bxd4 Bf3 40.
Rd3 Bd5 41. Be3 Na5 42. Rc3 Nc6 43. Bc5 Rc8 44. Kd3 Ba2 45. Kd2 Bd5 46. Bd6 Ra8
47. Ke3 Ra1 48. Ra3 Rxa3+ 49. Bxa3 Nb8 50. Bd6 Nd7 51. Kd4 Nf8 52. Be8 Nd7 53.
Bg6 Bc6 1/2-1/2

[Event "Cappelle La Grande"]
[Site "Cappelle la Grande"]
[Date "2002.02.12"]
[Round "5"]
[White "Kotronias, V."]
[Black "Kazhgaleyev, M."]
[Result "1/2-1/2"]
[WhiteElo "2568"]
[BlackElo "2561"]
[PlyCount "136"]

1. e4 e5 2. Nf3 Nc6 3. Bb5 a6 4. Ba4 Nf6 5. O-O Be7 6. Re1 b5 7. Bb3 d6 8. c3
O-O 9. h3 Na5 10. Bc2 c5 11. d4 Qc7 12. Nbd2 Rd8 13. Nf1 cxd4 14. cxd4 exd4 15.
Ng3 Nc6 16. Bb3 Qb6 17. Bf4 h6 18. Rc1 Bd7 19. Bd5 Rac8 20. Bxc6 Rxc6 21. Rxc6
Bxc6 22. Nxd4 Bb7 23. Ndf5 Bf8 24. Be3 Qc6 25. Bd4 d5 26. Bxf6 Qxf6 27. Nh5 Qb6
28. e5 Bc8 29. g4 d4 30. Qd3 Qc6 31. f3 g6 32. Nf6+ Kh8 33. Nh4 Kg7 34. Ng2 Qc4
35. Nf4 Qxd3 36. Nxd3 Be6 37. b3 Rc8 38. Re4 Be7 39. Rxd4 Bxf6 40. exf6+ Kxf6
41. Rd6 a5 42. Ra6 Rd8 43. Nf2 Ke5 44. Rxa5 Kf4 45. Rxb5 Kxf3 46. Rc5 Rd2 47.
Rc3+ Ke2 48. Ne4 Rxa2 49. Ng3+ Kd1 50. Ne4 Ke2 51. Ng3+ Kd1 52. Ne4 Rb2 53. Nc5
Kd2 54. Rf3 Rb1+ 55. Kf2 g5 56. Rf6 Bxb3 57. Rxh6 Bc2 58. Rd6+ Kc3 59. Nd7 Bd3
60. Ne5 Rb2+ 61. Kg3 Be4 62. Nf3 Rb5 63. Rf6 Bxf3 64. Rxf3+ Kd4 65. Rxf7 Ke4
66. Rf3 Rb1 67. Ra3 Rg1+ 68. Kf2 Rb1 1/2-1/2

[Event "Cappelle La Grande"]
[Site "Cappelle la Grande"]
[Date "2002.02.12"]
[Round "5"]
[White "Gormally, D."]
[Black "Degraeve, JM."]
[Result "1/2-1/2"]
[WhiteElo "2506"]
[BlackElo "2591"]
[PlyCount "85"]

1. d4 Nf6 2. Nf3 e6 3. c4 c5 4. d5 exd5 5. cxd5 d6 6. Nc3 a6 7. a4 g6 8. e4 Bg4
9. h3 Bxf3 10. Qxf3 Bg7 11. Bd3 O-O 12. O-O Nbd7 13. Qd1 Re8 14. Re1 Rc8 15. a5
c4 16. Bc2 Rc5 17. Bf4 Ne5 18. Ra4 Nh5 19. Be3 Rxa5 20. Rxa5 Qxa5 21. g4 Nf6
22. f4 Nd3 23. Bxd3 cxd3 24. Bf2 Nd7 25. Qxd3 Qb4 26. Re2 g5 27. e5 Qxf4 28.
exd6 Be5 29. Ne4 Qh2+ 30. Kf1 Rc8 31. Qf3 Rc1+ 32. Be1 Qf4 33. Qxf4 gxf4 34.
Kg2 Kg7 35. Kf3 Kg6 36. Bd2 Rf1+ 37. Nf2 Bd4 38. Bxf4 Rxf2+ 39. Rxf2 Bxf2 40.
Kxf2 f5 41. Ke3 fxg4 42. hxg4 h5 43. Ke4 1/2-1/2

[Event "Cappelle La Grande"]
[Site "Cappelle la Grande"]
[Date "2002.02.12"]
[Round "5"]
[White "Fridman, D."]
[Black "Kveinys, A."]
[Result "1/2-1/2"]
[WhiteElo "2571"]
[BlackElo "2555"]
[PlyCount "21"]

1. Nf3 Nf6 2. d4 d5 3. Bf4 c6 4. c3 Qb6 5. Qb3 Bf5 6. e3 Nbd7 7. Nbd2 e6 8. h3
Be7 9. Be2 O-O 10. O-O Qd8 11. Qd1 1/2-1/2

[Event "Cappelle La Grande"]
[Site "Cappelle la Grande"]
[Date "2002.02.12"]
[Round "5"]
[White "Solak, D."]
[Black "Neverov, V."]
[Result "0-1"]
[WhiteElo "2501"]
[BlackElo "2578"]
[PlyCount "146"]

1. e4 c5 2. Nf3 d6 3. c3 Nf6 4. Be2 g6 5. O-O Bd7 6. Qc2 Qc7 7. d3 Bg7 8. a3
O-O 9. b4 Na6 10. Ra2 Rac8 11. Rb2 d5 12. b5 Nb8 13. c4 dxe4 14. dxe4 Bg4 15.
Nc3 Nbd7 16. h3 Bxf3 17. Bxf3 Nb6 18. Be2 Rfd8 19. Be3 Rd4 20. Rb3 e6 21. Rc1
Nfd7 22. Nb1 Ne5 23. Nd2 Rcd8 24. Bxd4 cxd4 25. f4 Ned7 26. e5 Nc5 27. Rf3 Nba4
28. Bd3 Bf8 29. g4 Qa5 30. h4 Nc3 31. h5 Qxa3 32. Rcf1 Qa2 33. hxg6 hxg6 34.
Bxg6 Qxc2 35. Bxc2 d3 36. Bb1 a5 37. bxa6 bxa6 38. Kg2 a5 39. Rc1 Ne2 40. Re1
Nd4 41. Rh3 Ne2 42. Kf3 a4 43. f5 f6 44. exf6 exf5 45. g5 Ne6 46. Kf2 Bc5+ 47.
Kf1 N6f4 48. Rf3 Kf7 49. Bxd3 Rh8 50. g6+ Kxg6 51. Ne4 Re8 52. Nd2 Rd8 53. Rh3
Nd4 54. Re2 Rb8 55. Re1 Rb2 56. Kf2 Rb3 57. Ke3 Bf8 58. Rh2 a3 59. Reh1 Nf3 60.
Kxf3 Ne2 61. Re1 Kf7 62. Rh3 Bd6 63. Rh7+ Kg8 64. Reh1 Bf8 65. R7h3 Nf4 66. Re1
Ne2 67. Ne4 fxe4+ 68. Kxe4 Nc3+ 69. Ke3 Ne2 70. Kf3 Kf7 71. Kxe2 Kxf6 72. Bb1
Rb4 73. Rhh1 Ke5 0-1

[Event "Cappelle La Grande"]
[Site "Cappelle la Grande"]
[Date "2002.02.12"]
[Round "5"]
[White "Cabrera, A."]
[Black "Kengis, E."]
[Result "1/2-1/2"]
[WhiteElo "2415"]
[BlackElo "2571"]
[PlyCount "86"]

1. e4 c5 2. Nc3 e6 3. Nf3 a6 4. g3 b5 5. Bg2 Bb7 6. d4 cxd4 7. Nxd4 b4 8. Na4
Nf6 9. Qe2 Nc6 10. Be3 Qa5 11. b3 Nxd4 12. Bxd4 Qb5 13. Nb6 Rd8 14. f3 Be7 15.
e5 Qxe2+ 16. Kxe2 Nd5 17. Nxd5 Bxd5 18. Rhc1 f6 19. c4 bxc3 20. Rxc3 fxe5 21.
Bxe5 Bf6 22. Bxf6 gxf6 23. Rac1 Ke7 24. Rc5 Rb8 25. Ke3 f5 26. Bf1 Rb6 27. Rc7
Kd6 28. Rc8 Rxc8 29. Rxc8 a5 30. Rh8 Rc6 31. Bd3 a4 32. Rxh7 axb3 33. axb3 Rc3
34. Kd4 Rxb3 35. f4 Rb4+ 36. Kc3 Rb3+ 37. Kd4 Rb4+ 38. Kc3 Rb3+ 39. Kc2 Rb8 40.
Rg7 Rh8 41. h4 e5 42. fxe5+ Kxe5 43. Rxd7 Be4 1/2-1/2

[Event "Cappelle La Grande"]
[Site "Cappelle la Grande"]
[Date "2002.02.12"]
[Round "5"]
[White "Gyimesi, Z."]
[Black "Van Der Weide, K."]
[Result "1/2-1/2"]
[WhiteElo "2606"]
[BlackElo "2454"]
[PlyCount "123"]

1. d4 Nf6 2. c4 c5 3. d5 b5 4. cxb5 a6 5. bxa6 g6 6. Nc3 Bxa6 7. e4 Bxf1 8.
Kxf1 d6 9. g3 Bg7 10. Kg2 O-O 11. Nf3 Nbd7 12. Re1 Qa5 13. e5 Ng4 14. exd6 exd6
15. Bf4 Rfb8 16. Re2 Qa6 17. Rc1 Nge5 18. Bxe5 Nxe5 19. Nxe5 Bxe5 20. b3 Rb4
21. Rd2 c4 22. Ne2 Qb5 23. bxc4 Rxc4 24. Qb3 Qxb3 25. axb3 Rxc1 26. Nxc1 Ra1
27. Ne2 Rb1 28. Rd3 h5 29. Ng1 Bb2 30. Nf3 Ba3 31. h3 Bc5 32. g4 hxg4 33. hxg4
Rb2 34. Nd2 f5 35. Kg3 Kg7 36. gxf5 gxf5 37. f4 Kf6 38. Nf3 Bf2+ 39. Kh3 Bc5
40. Ng5 Rc2 41. Kg3 Bf2+ 42. Kf3 Bc5 43. Ne6 Bb6 44. Kg3 Ke7 45. Nd4 Bxd4 46.
Rxd4 Rc3+ 47. Kh4 Kf6 48. b4 Kg6 49. Rd1 Rc4 50. Rb1 Rxf4+ 51. Kg3 Rg4+ 52. Kf3
Kf6 53. b5 Ke5 54. b6 Rg8 55. b7 Rb8 56. Rb5 Kd4 57. Kf4 Kc4 58. Rb1 Kxd5 59.
Kxf5 Kc6 60. Ke6 Rxb7 61. Rxb7 Kxb7 62. Kxd6 1/2-1/2